[Event "9th Aeroflot Open A"]
[Site "Moscow RUS"]
[Date "2010.02.17"]
[Round "9"]
[White "Najer,E"]
[Black "Sjugirov,S"]
[Result "1-0"]
[WhiteElo "2665"]
[BlackElo "2610"]

1.e4 d6 2.d4 Nf6 3.Nc3 e5 4.Nf3 Nbd7 5.Bc4 Be7 6.O-O O-O 7.a4 c6 8.Ba2 a5
9.Re1 exd4 10.Nxd4 Nc5 11.Qf3 Nfd7 12.Nf5 Ne5 13.Nxe7+ Qxe7 14.Qg3 Be6 15.Bxe6 Qxe6
16.f4 Ned7 17.f5 Qe7 18.Bg5 f6 19.Bf4 Ne5 20.b3 Rad8 21.Re3 Rfe8 22.Rae1 Qf7
23.Qh4 Rd7 24.Rh3 g5 25.fxg6 Nxg6 26.Qf2 f5 27.Bxd6 Nxe4 28.Nxe4 fxe4 29.Qxf7+ Rxf7
30.Rhe3 Rd8 31.Bg3 Rd2 32.R3e2 Rfd7 33.Kf2 Rf7+ 34.Kg1 Rfd7 35.Kf2 Rf7+ 36.Ke3 Rd5
37.Rd2 Ne7 38.Rxd5 cxd5 39.Kd4 Rf5 40.c4 Nc6+ 41.Ke3 Kf7 42.cxd5 Rxd5 43.Kxe4 Rd2
44.Rc1 Rb2 45.Rc3 Rxg2 46.Kd5 Rb2 47.Kd6 Rb1 48.Rd3 Kg6 49.Kc7 Nb4 50.Rf3 Nc6
51.Bf2 Ne5 52.Rg3+ Kf5 53.Kxb7 Nc4 54.Rd3 Ne5 55.Rc3 Ke4 56.Bb6 Nd3 57.Bxa5 Kd4
58.Kc6 Nc1 59.Rh3 Nxb3 60.Bb6+ Ke5 61.a5 Rc1+ 62.Kb7 Rb1 63.Rh5+ Kf6 64.a6  1-0

[Event "Cotroceni Women"]
[Site "Bucharest ROU"]
[Date "2010.02.18"]
[Round "9"]
[White "Cosma,E"]
[Black "Gara,A"]
[Result "1/2-1/2"]
[WhiteElo "2332"]
[BlackElo "2370"]

1.d4 d6 2.e4 Nf6 3.Nc3 Nbd7 4.f4 e5 5.Nf3 exd4 6.Qxd4 c6 7.Be3 d5 8.e5 Ng4
9.Bg1 Qb6 10.Qxb6 axb6 11.h3 Nh6 12.Ne2 Bb4+ 13.c3 Be7 14.Ned4 Nc5 15.g4 Ng8
16.Rh2 f6 17.O-O-O Rxa2 18.Kb1 Ra8 19.c4 fxe5 20.fxe5 Nh6 21.cxd5 cxd5 22.Bb5+ Kf7
23.e6+ Nxe6 24.Nxe6 Bxe6 25.Re2 Ra5 26.Nd4 Rxb5 27.Nxb5 Bd7 28.Nc3 Bf6 29.Nxd5 Nxg4
30.hxg4 Bxg4 31.Rde1 Bxe2 32.Rxe2 Rd8 33.Rd2 g5 34.Kc2 Be5 35.Be3 g4 36.Nc3 Rxd2+
37.Kxd2 b5 38.b3 h5 39.Ne4 Ke6 40.Ke2 Kf5 41.Nd2 h4 42.Nf1 h3 43.Kf2 Ke4
44.Bg5 Kd3 45.Be7 Bd4+ 46.Ke1 Bc3+ 47.Kf2 b4 48.Bd6 Bd4+ 49.Kg3 Kc3 50.Kxg4 Kxb3
51.Kxh3 Kc3 52.Ng3 b3 53.Ne2+ Kc4 54.Ba3 b2 55.Bxb2 Bxb2 56.Kg2 b5 57.Kf3 Bf6
58.Ke3 b4 59.Kd2 Kb3 60.Nc1+ Ka3 61.Kc2 Bb2 62.Nd3 b3+ 63.Kb1 Bc3 64.Nc1  1/2-1/2

[Event "TCh-Eur Seniors"]
[Site "Dresden GER"]
[Date "2010.02.18"]
[Round "9"]
[White "Versteeg,C"]
[Black "Rollwitz,J"]
[Result "1-0"]
[WhiteElo "2052"]
[BlackElo "1991"]

1.e4 d6 2.d4 Nf6 3.Nc3 e5 4.f4 Bg4 5.Be2 Bxe2 6.Ngxe2 Nbd7 7.O-O Be7 8.Ng3 g6
9.f5 c6 10.Be3 h5 11.Qf3 Qc7 12.d5 Rh7 13.a4 Ng4 14.Bc1 a6 15.a5 c5 16.h3 Ngf6
17.Rf2 Kf8 18.Nf1 Kg8 19.g4 hxg4 20.hxg4 Rg7 21.Bh6 Rh7 22.g5 Nh5 23.Ne2 Qd8
24.Qg4 Rxh6 25.gxh6 Kh7 26.fxg6+ fxg6 27.Rf7+ Kxh6 28.Qe6 Bf8 29.Qxd7 Qg5+
30.Neg3 Bg7 31.Ra3 Rf8 32.Rxf8 Bxf8 33.Rf3 Nf4 34.Kf2 Nh3+ 35.Qxh3+  1-0

[Event "Open"]
[Site "Novy Bor CZE"]
[Date "2010.02.18"]
[Round "7"]
[White "Moehn,H"]
[Black "Malivanek,J"]
[Result "1-0"]
[WhiteElo "2015"]
[BlackElo "2178"]

1.e4 d6 2.d4 Nf6 3.Nc3 c6 4.f4 Qa5 5.Bd3 Bg4 6.Nf3 Nbd7 7.O-O e5 8.Be3 Be7
9.h3 Bxf3 10.Qxf3 Rd8 11.Ne2 O-O 12.c3 Rfe8 13.Bc2 Bf8 14.Kh1 Kh8 15.dxe5 dxe5
16.f5 Qc7 17.g4 c5 18.g5 Ng8 19.h4 Qc6 20.Rg1 Ne7 21.Raf1 c4 22.f6 Nc8 23.h5 Qe6
24.Rf2 Bc5 25.Rh2 Rg8 26.fxg7+ Rxg7 27.Ng3 Bxe3 28.Qxe3 Qb6 29.Qxb6 Ndxb6
30.Nf5 f6 31.Nxg7 Kxg7 32.h6+ Kf7 33.gxf6 Kxf6 34.Rg7 Rd7 35.Rf2+ Ke6 36.b3 Nd6
37.bxc4 Nbxc4 38.Bb3 b5 39.Bxc4+ bxc4 40.Rf6+ Kxf6 41.Rxd7 Nxe4 42.Rxh7 Kg6
43.Rxa7 Kxh6 44.Rc7 Nxc3 45.a3 Nb5 46.Rc6+ Kg5 47.a4 Nd4 48.Rxc4 Kf4 49.a5 Ke3
50.a6 Nb5 51.Rc5  1-0

[Event "Open"]
[Site "Novy Bor CZE"]
[Date "2010.02.19"]
[Round "8"]
[White "Palas,A"]
[Black "Hruby,Va"]
[Result "1/2-1/2"]
[WhiteElo "2013"]
[BlackElo "1791"]

1.e4 d6 2.d4 Nf6 3.Nc3 c6 4.f4 Qa5 5.Bd3 e5 6.Nf3 Bg4 7.Be3 Nbd7 8.O-O Be7
9.h3 Bxf3 10.Qxf3 exd4 11.Bxd4 O-O 12.Kh1 Nc5 13.e5 Nfd7 14.exd6 Bxd6 15.Qh5 g6
16.Qh6 Ne6 17.Be3 Be7 18.f5 Ng7 19.Bd4 Bf6 20.Bxf6 Nxf6 21.Rf4 Ngh5 22.Ne4 Nxe4
23.Bxe4 Nxf4 24.Qxf4 Rae8 25.Bd3 Qe5 26.Qh6 gxf5 27.Qg5+ Qg7 28.Qxf5 Re7
29.Rf1 Rfe8 30.Rf4 Re6 31.Bc4 Re1+ 32.Kh2 Kh8 33.Qxf7 Qxf7 34.Rxf7 R1e7 35.Rf3 Kg7
36.Bd3 Rf8 37.Rg3+ Kh6 38.Rg4 Rh8 39.a4 Rg7 40.Rh4+ Kg5 41.Rg4+ Kf6 42.Rf4+ Ke5
43.Re4+ Kd6 44.Bc4 a5 45.b3 h5 46.Bd3 h4 47.Rf4 Kc7 48.Be4 Kb6 49.Bd3 Rd7
50.Rg4  1/2-1/2

[Event "4NCL 2009-10"]
[Site "Hinckley Island ENG"]
[Date "2010.02.20"]
[Round "5"]
[White "Arakhamia-Grant,K"]
[Black "Berry,N"]
[Result "1-0"]
[WhiteElo "2499"]
[BlackElo "2301"]

1.e4 d6 2.d4 Nf6 3.Nc3 e5 4.Nf3 Nbd7 5.Bc4 Be7 6.O-O O-O 7.Re1 a6 8.a4 b6
9.b3 Bb7 10.Bb2 c6 11.Bd3 g6 12.Nb1 exd4 13.Bxd4 Re8 14.Nbd2 Bf8 15.c4 Bg7
16.Qc2 Ne5 17.Be2 Qc7 18.a5 b5 19.cxb5 axb5 20.Nxe5 dxe5 21.Bb6 Qe7 22.Bc5 Qc7
23.b4 Nd7 24.Nb3 Nxc5 25.Nxc5 Bf8 26.Red1 Bc8 27.Rac1 Qe7 28.Rd3 Qf6 29.Rcd1 Qe7
30.Qc3 Be6 31.R3d2 Qf6 32.Nb7 Qf4 33.Nd6 Bxd6 34.Rxd6 Qxe4 35.Bf3 Qf4 36.g3 Qf5
37.Bxc6 Rec8 38.Qf3 Qxf3 39.Bxf3 Ra7 40.Rd8+ Rxd8 41.Rxd8+ Kg7 42.Rb8 Rc7
43.h4 Rc1+ 44.Kg2 Bc4 45.g4 Bf1+ 46.Kh2 Rc2 47.Kg1 Rc1 48.Kh2 Rc2 49.Kg1 Rc1
50.Re8 Rb1 51.a6 Ra1 52.Bb7 Bc4+ 53.Kh2 Be6 54.g5 h6 55.Re7 hxg5 56.hxg5 Ra3
57.Rc7 e4 58.Rc5 Bc4 59.Re5 Bd3 60.Re7 Kf8 61.Rc7 Bc4 62.Kg2 Be6 63.Rc5 Bc4
64.Re5 Bd3 65.Kg3 f6 66.gxf6 Kf7 67.Kf4 Kxf6 68.Rc5 g5+ 69.Rxg5 Ra2 70.Rf5+ Ke6
71.Bd5+  1-0

[Event "4NCL 2009-10"]
[Site "Hinckley Island ENG"]
[Date "2010.02.20"]
[Round "5"]
[White "Arakhamia-Grant,K"]
[Black "Berry,N"]
[Result "1-0"]
[WhiteElo "2499"]
[BlackElo "2301"]

1.e4 d6 2.d4 Nf6 3.Nc3 e5 4.Nf3 Nbd7 5.Bc4 Be7 6.O-O O-O 7.Re1 a6 8.a4 b6
9.b3 Bb7 10.Bb2 c6 11.Bd3 g6 12.Nb1 exd4 13.Bxd4 Re8 14.Nbd2 Bf8 15.c4 Bg7
16.Qc2 Ne5 17.Be2 Qc7 18.a5 b5 19.cxb5 axb5 20.Nxe5 dxe5 21.Bb6 Qd7 22.Bc5 Qc7
23.b4 Nd7 24.Nb3 Nxc5 25.Nxc5 Bf8 26.Red1 Bc8 27.Rac1 Qe7 28.Rd3 Qf6 29.Rcd1 Qe7
30.Qc3 Be6 31.R3d2 Qf6 32.Nb7 Qf4 33.Nd6 Bxd6 34.Rxd6 Qxe4 35.Bf3 Qf4 36.g3 Qf5
37.Bxc6 Rec8 38.Qf3 Qxf3 39.Bxf3 Ra7 40.Rd8+ Rxd8 41.Rxd8+ Kg7 42.Rb8 Rc7
43.h4 Rc1+ 44.Kg2 Bc4 45.g4 Bf1+ 46.Kh2 Rc2 47.Kg1 Rc1 48.Kh2 Rc2 49.Kg1 Rc1
50.Re8 Rb1 51.a6 Ra1 52.Bb7 Bc4+ 53.Kh2 Be6 54.g5 h6 55.Re7 hxg5 56.hxg5 Ra3
57.Rc7 e4 58.Rc5 Bc4 59.Re5 Bd3 60.Re7 Kf8 61.Rc7 Bc4 62.Kg2 Be6 63.Rc5 Bc4
64.Re5 Bd3 65.Kg3 f6 66.gxf6 Kf7 67.Kf4 Kxf6 68.Rc5 g5+ 69.Rxg5 Ra2 70.Rf5+ Ke6
71.Bd5+  1-0

[Event "Frauenbundesliga 2009-10"]
[Site "Germany GER"]
[Date "2010.02.21"]
[Round "7"]
[White "Kadziolka,B"]
[Black "Moser,E"]
[Result "0-1"]
[WhiteElo "2292"]
[BlackElo "2431"]

1.e4 d6 2.d4 Nf6 3.Nc3 Nbd7 4.Nf3 e5 5.Bc4 Be7 6.O-O O-O 7.Re1 c6 8.a4 a5
9.h3 h6 10.Ba2 Re8 11.Be3 Qc7 12.dxe5 dxe5 13.Nh4 Nf8 14.Qf3 Be6 15.Nf5 Bxa2
16.Rxa2 Ne6 17.Nxe7+ Qxe7 18.Qg3 Nf4 19.Qf3 Ng6 20.Rd1 Nh7 21.Ne2 Ng5 22.Bxg5 hxg5
23.Ng3 Rad8 24.Raa1 Nf4 25.Rxd8 Rxd8 26.Rd1 g6 27.c3 Rd6 28.Qg4 Ne6 29.Nf1 Qd8
30.Rxd6 Qxd6 31.Qe2 Nf4 32.Qd2 Qd3 33.Qxd3 Nxd3 34.b3 Nc1 35.Nd2 Ne2+ 36.Kf1 Nxc3
37.Nc4 Nxe4 38.Nxa5 Nd6 39.b4 b5 40.axb5 cxb5 41.Nc6 f6 42.Ne7+ Kf7 43.Nd5 e4
44.Ke2 Ke6 45.Nc7+ Ke5 46.Ke3 f5 47.g3 f4+ 48.gxf4+ gxf4+ 49.Kd2 f3 50.h4 Nc4+
51.Ke1 Na3 52.Kd2 Kd6 53.Ne8+ Ke7 54.Nc7 Kd6 55.Ne8+ Kd5 56.Nf6+ Kd4 57.Ng4 Nc4+
58.Ke1 Ne5  0-1

[Event "CMB Breizh Masters Women"]
[Site "Guingamp-Pabu FRA"]
[Date "2010.02.21"]
[Round "3"]
[White "Brunello,R"]
[Black "Esposito,Mar"]
[Result "0-1"]
[WhiteElo "2043"]
[BlackElo "2113"]

1.e4 d6 2.d4 Nf6 3.Nc3 Nbd7 4.Nf3 e5 5.Bc4 Be7 6.O-O O-O 7.Re1 c6 8.a4 b6
9.b3 a6 10.Bb2 Qc7 11.Bf1 Bb7 12.Qd2 Rfe8 13.g3 Bf8 14.Bg2 b5 15.axb5 axb5
16.Nh4 g6 17.Rad1 b4 18.Na4 exd4 19.Qxd4 c5 20.Qd3 Bc6 21.Bxf6 Nxf6 22.Nb2 Qb7
23.Nc4 Nxe4 24.Nf3 Nc3 25.Rxe8 Rxe8 26.Rd2 Be4 27.Nxd6 Bxd6  0-1

[Event "ch-IND National Teams"]
[Site "Gurgaon IND"]
[Date "2010.02.21"]
[Round "1"]
[White "Venkat,S"]
[Black "Naveen,Kumar3"]
[Result "1-0"]
[WhiteElo "2216"]
[BlackElo "1761"]

1.e4 d6 2.d4 Nf6 3.Nc3 c6 4.f4 Bg4 5.Qd2 Bc8 6.Nf3 g6 7.Bd3 Bg7 8.O-O O-O
9.Kh1 b5 10.e5 Ne8 11.Qf2 f5 12.Qh4 a5 13.Bd2 Nc7 14.Ng5 h6 15.Nf3 b4 16.Ne2 Ba6
17.Bxa6 Nbxa6 18.a3 c5 19.c4 e6 20.Qg3 dxe5 21.dxe5 Kh7 22.Rfd1 Qe8 23.Be3 Rg8
24.Rd2 Rd8 25.Ng5+ hxg5 26.Qh3+ Bh6 27.fxg5 Kg7 28.gxh6+ Kh7 29.Rd6 Rxd6
30.exd6 Na8 31.axb4 Nxb4 32.Rxa5 Nc6 33.Rb5 Qd7 34.Bxc5 g5 35.Qb3 Kxh6 36.Rb7 Qe8
37.Qh3+ Kg6 38.Qh7+ Kf6 39.Nd4  1-0

[Event "4NCL 2009-10"]
[Site "Hinckley Island ENG"]
[Date "2010.02.21"]
[Round "6"]
[White "Rich,M"]
[Black "Smallbone,K"]
[Result "1/2-1/2"]
[WhiteElo "2151"]
[BlackElo "2218"]

1.e4 d6 2.d4 Nf6 3.Nc3 c6 4.f3 e5 5.dxe5 dxe5 6.Qxd8+ Kxd8 7.Bc4 Ke8 8.Be3 Nbd7
9.Nge2 Bc5 10.Nd1 Ke7 11.g4 h5 12.g5 Ne8 13.h4 Nd6 14.Bb3 g6 15.c3 a5 16.a4 Bxe3
17.Nxe3 Nc5 18.Bc2 Be6 19.b4 axb4 20.cxb4 Nd7 21.Kd2 Nc4+ 22.Nxc4 Bxc4 23.Bd3 Bxd3
24.Kxd3  1/2-1/2

[Event "XIII Open"]
[Site "Malaga ESP"]
[Date "2010.02.21"]
[Round "2"]
[White "Rodriguez Lopez,Ra"]
[Black "Perera Borrego,M"]
[Result "1-0"]
[WhiteElo "2314"]
[BlackElo "2065"]

1.e4 d6 2.d4 Nf6 3.Nc3 e5 4.Nf3 Nbd7 5.Bc4 Be7 6.O-O O-O 7.a4 c6 8.Ba2 b6
9.Qe2 a6 10.Rd1 Qc7 11.h3 Bb7 12.dxe5 dxe5 13.Nh4 b5 14.Nf5 Bb4 15.Bd2 Bc5
16.Qf3 b4 17.Ne2 g6 18.Bh6 Rfd8 19.Bxf7+ Kxf7 20.Qb3+ Nd5 21.exd5 cxd5 22.Rxd5 Bxd5
23.Qxd5+ Kf6 24.Bg7+ Kxf5 25.Ng3+ Kg5 26.Qd2+  1-0

[Event "18th Fajr Open"]
[Site "Mashhad IRI"]
[Date "2010.02.21"]
[Round "3"]
[White "Hosseinipour,M"]
[Black "Malaniuk,V"]
[Result "0-1"]
[WhiteElo "2207"]
[BlackElo "2573"]

1.e4 d6 2.d4 Nf6 3.Nc3 e5 4.Nf3 Nbd7 5.Bc4 Be7 6.a4 O-O 7.O-O a5 8.Re1 c6
9.Ba2 exd4 10.Nxd4 Nc5 11.h3 Be6 12.Qf3 Bxa2 13.Rxa2 g6 14.Bh6 Re8 15.Raa1 Bf8
16.Bxf8 Kxf8 17.Qf4 Nh5 18.Qh6+ Kg8 19.Rad1 Qf6 20.Nf3 Rad8 21.Ng5 Qg7 22.Qxg7+ Kxg7  0-1

[Event "ch-IND National Teams"]
[Site "Gurgaon IND"]
[Date "2010.02.22"]
[Round "2"]
[White "Sengupta,P"]
[Black "Hemant,K"]
[Result "1-0"]
[WhiteElo "2077"]
[BlackElo "2049"]

1.e4 d6 2.d4 Nf6 3.Nc3 c6 4.f3 Nbd7 5.Be3 b5 6.a4 b4 7.Nb1 a5 8.Nd2 e6 9.Nb3 Be7
10.Bd3 O-O 11.Ne2 e5 12.O-O Nb6 13.dxe5 dxe5 14.Qe1 Be6 15.Nc5 Bc4 16.Nc1 Bxd3
17.N1xd3 Nc4 18.Bf2 Qc7 19.b3 Nb6 20.Be3 Nbd7 21.Qg3 Nxc5 22.Nxc5 Nd7 23.Nd3 Rfe8
24.f4 Bd6 25.f5 Nf6 26.Bh6 Bf8 27.Rae1 Kh8 28.Bg5 Nd7 29.f6 g6 30.Qh4 Qd6
31.Rf3 Kg8 32.Ref1 Re6 33.Rh3 h6 34.Bxh6 Rxf6 35.Bxf8 Qd4+ 36.Nf2 Kxf8 37.Qh8+ Ke7
38.Qxa8 Nc5 39.Qa7+ Ke6 40.Rf3 Rxf3 41.gxf3 Qc3 42.Nd3 Nxd3 43.cxd3 Qxd3
44.Rc1 Kf6 45.Qf2 Qxb3 46.Rxc6+ Kg7 47.Rc1 Qxa4 48.Qb2 Qb5 49.f4 Qb6+ 50.Kh1 Qe3
51.Qxe5+ Kh7 52.Rf1 Qe2 53.Kg1 Qg4+ 54.Kf2 Qh4+ 55.Ke3 Qh3+ 56.Rf3 Qxh2 57.Qb5 Qg1+
58.Rf2 Qc1+ 59.Kf3 Qh1+ 60.Rg2 b3 61.Qxb3 Qf1+ 62.Kg3 Qe1+ 63.Kh2 Qxe4 64.Qxf7+ Kh6
65.Kg3 a4 66.Rh2+  1-0

[Event "CMB Breizh Masters Women"]
[Site "Guingamp-Pabu FRA"]
[Date "2010.02.23"]
[Round "5"]
[White "Lefevre,Ma"]
[Black "Esposito,Mar"]
[Result "1-0"]
[WhiteElo "2036"]
[BlackElo "2113"]

1.e4 d6 2.d4 Nf6 3.Nc3 Nbd7 4.f4 e5 5.Nf3 exd4 6.Qxd4 c6 7.Be3 d5 8.exd5 Bc5
9.Qd3 Qe7 10.Nd4 Nb6 11.dxc6 bxc6 12.O-O-O Ba6 13.Qd2 Bxf1 14.Bf2 Nc4 15.Qe1 O-O
16.Qxe7 Bxe7 17.Rhxf1 Ng4 18.Nf5 Bf6 19.Bd4 Nxh2 20.Rh1 Ng4 21.Bxf6 Nxf6
22.Ne4 Rfd8 23.Nxf6+ gxf6 24.b3 Na5 25.Rdf1 Nb7 26.Rf3 Nd6 27.Ne7+ Kf8 28.Nxc6 Rdc8
29.Rxh7 Ke8 30.Rh8+ Kd7 31.Rxc8 Rxc8 32.Nd4 Ne4 33.c4 Rg8 34.Re3 Ng3 35.Rd3 Nf1
36.Ne2+ Kc7 37.g3 Re8 38.Nc3 Kc6 39.Kb2 a6 40.b4 f5 41.a4 Rb8 42.Kb3 Rg8
43.b5+ axb5 44.axb5+ Kb6 45.Kb4 Nxg3 46.c5+ Kc7 47.b6+ Kb8 48.c6  1-0

[Event "XIII Open"]
[Site "Malaga ESP"]
[Date "2010.02.24"]
[Round "6"]
[White "Ortiz Suarez,I"]
[Black "Paunovic,D"]
[Result "1/2-1/2"]
[WhiteElo "2527"]
[BlackElo "2551"]

1.e4 d6 2.d4 Nf6 3.Nc3 e5 4.Nf3 Nbd7 5.Bc4 Be7 6.O-O O-O 7.Re1 c6 8.a4 b6
9.Bg5 a6 10.dxe5 Nxe5 11.Nxe5 dxe5 12.Qf3 h6 13.Red1 Qc7 14.Bxf6 Bxf6 15.Ne2 Be7
16.Ng3 g6 17.Rd3 Kg7 18.Bb3 Ra7 19.Rad1 b5 20.axb5  1/2-1/2

[Event "XIII Open"]
[Site "Malaga ESP"]
[Date "2010.02.25"]
[Round "7"]
[White "Quillan,G"]
[Black "Karim,I"]
[Result "1/2-1/2"]
[WhiteElo "2364"]
[BlackElo "2386"]

1.e4 d6 2.d4 Nf6 3.Nc3 e5 4.Nf3 Nbd7 5.Bc4 Be7 6.O-O O-O 7.Re1 a6 8.a4 b6
9.Ne2 Bb7 10.Ng3 exd4 11.Nxd4 Re8 12.Ndf5 Bf8 13.Bd2 Nc5 14.f3 b5 15.axb5 axb5
16.Bg5 h6 17.Bd2 Ne6 18.Qe2 Qd7 19.Bc3 Nh7 20.Qd2 c5 21.Rad1 Red8 22.Bd5 Bxd5
23.Qxd5 Ra1 24.Rxa1 g6 25.Ne3 b4 26.Bd2 Nf6 27.Qc4 Bg7 28.Nd5 Nxd5 29.exd5 Nd4
30.c3 bxc3 31.bxc3 Qb5 32.Qf1 Qxf1+ 33.Nxf1 Ne2+ 34.Kf2 Nxc3 35.Bxc3 Bxc3
36.Ra6 c4 37.Rc6 Bd4+ 38.Ke2 Re8+ 39.Kd2 Bc5 40.Ng3 f5 41.Kc3 h5 42.h4 Kf7
43.Kc2 Bf2 44.Nf1 Rxe1 45.Nd2 Rd1 46.Nb3 Ke7 47.Rc7+ Kf6 48.Ra7 Bg3 49.Nd4 Be5
50.Ne6 Rc1+ 51.Kd2 Rd1+ 52.Ke3 Rc1 53.Kd2 Rf1  1/2-1/2

[Event "XIII Open"]
[Site "Malaga ESP"]
[Date "2010.02.25"]
[Round "7"]
[White "Brown,Da"]
[Black "Perera Borrego,M"]
[Result "1/2-1/2"]
[WhiteElo "1918"]
[BlackElo "2065"]

1.e4 d6 2.d4 Nf6 3.Nc3 e5 4.dxe5 dxe5 5.Qxd8+ Kxd8 6.Bg5 Be7 7.O-O-O+ Nbd7
8.f3 c6 9.g3 Ke8 10.Bh3 Nc5 11.Bxc8 Rxc8 12.Nge2 b6 13.Be3 Rd8 14.Rxd8+ Kxd8
15.Rd1+ Kc8 16.Rd2 h6 17.Nd1 g5 18.h3 Rg8 19.Nf2 h5 20.g4 hxg4 21.hxg4 Ne8
22.Rd1 Rh8 23.Rh1 Rxh1+ 24.Nxh1 Ne6 25.Nhg3 Kd7 26.Nf5 Nd6 27.Nxd6 Bxd6 28.Kd2 Bc5
29.Bxc5 Nxc5 30.Ng3 Ne6 31.c3 a5 32.Nf5 b5 33.Nh6 Ke8 34.Nf5 Nf4 35.b3 Kd7
36.Ne3 Nh3 37.Ke2 Nf4+ 38.Kd2  1/2-1/2

[Event "GMA"]
[Site "Nancy FRA"]
[Date "2010.02.25"]
[Round "5"]
[White "Solodovnichenko,Y"]
[Black "Milliet,S"]
[Result "1/2-1/2"]
[WhiteElo "2578"]
[BlackElo "2404"]

1.e4 d6 2.d4 Nf6 3.Nc3 e5 4.Nf3 Nbd7 5.Bc4 Be7 6.O-O c6 7.a4 O-O 8.Re1 b6
9.Ba2 a6 10.h3 Rb8 11.Be3 b5 12.axb5 axb5 13.Nd2 Bb7 14.Ne2 c5 15.d5 Ra8
16.c4 b4 17.Ng3 g6 18.Qe2 Ne8 19.Nf3 Ng7 20.Bh6 Nf6 21.Bb3 Qd7 22.Nh2 Rxa1
23.Rxa1 Ra8 24.Rf1 Ngh5 25.Nxh5 Nxh5 26.Qd2 Bf8 27.Be3 Bg7 28.Ng4 Nf6 29.f3 Nxg4
30.hxg4 Qe7 31.g5 Bc8 32.g3 Qd7 33.g4 Ra6 34.Kg2 Qa7 35.Kg3 Ra1 36.Rd1 Bd7
37.Kg2 Bc8 38.Qe1 Rxd1 39.Qxd1 Bd7 40.Kf2 Qa6 41.Ke2 Qa7 42.Kd3 Qa6 43.Qe1 Qa5
44.Qg1 Qa6 45.Qb1 Qa7 46.Kc2 Qa5 47.Qd1 Qa6 48.Kb1 Qa8 49.Bc1 Qe8 50.Bc2 Kf8
51.Qd3 Kg8 52.Bd1 Kf8 53.Be3 Kg8 54.Qd2 Qc8 55.Qh2 Qa6 56.Bb3 Qc8 57.Bc1 Qe8
58.Bd1 Qc8 59.b3 Qa6 60.Bb2 Qc8 61.Ba1 Qd8 62.Qd2 Qe7 63.Bb2 Qd8 64.Be2 Bc8
65.Ba1 Bd7 66.Bb2 Bc8 67.Bc1 Qa5 68.Bf1 Qa7 69.Qf2 Qa5 70.Bd3 Bd7 71.Bc2 Bc8
72.Bd1 Qa7 73.Qd2 Qa5 74.Qb2 Bd7 75.Be2 Bc8 76.Qd2 Bd7 77.Bb2 Qd8 78.Kc2 Qe7
79.Bc1 Qd8 80.Kd1 Qa8 81.Qb2 Qa5 82.Ke1 Qa8 83.Kf2 Qa5 84.Kg3 Qa8 85.Bd3 Qa5
86.Bb1 Qa8 87.Qc2 Bc8 88.Kg2 Qa7 89.Bb2 Qe7 90.Qd2 Qd7 91.Qc1 Qa7 92.Kg3 Qd7
93.Bd3 Qe7 94.Kg2 Qa7 95.Qb1 Qe7 96.Bc1 Qa7 97.Be2 Bh8 98.Kg3 Bg7 99.Kg2 Bh8
100.Kf2 Bg7 101.Bf1 Bd7 102.Bb2 Bc8 103.Kg1 Qe7 104.Qc1 Qa7 105.Be2 Qa2 106.Bd1 Qa7
107.Be2 Qa2 108.Bd1 Qa7  1/2-1/2

[Event "Zagreb Open GpA"]
[Site "Zagreb CRO"]
[Date "2010.02.25"]
[Round "1"]
[White "Fercec,N"]
[Black "Jurkovic,A"]
[Result "1-0"]
[WhiteElo "2492"]
[BlackElo "2330"]

1.e4 d6 2.d4 Nf6 3.Nc3 e5 4.Nge2 Nc6 5.f3 g6 6.Be3 Bg7 7.Qd2 exd4 8.Nxd4 O-O
9.O-O-O a6 10.g4 Nxd4 11.Bxd4 Be6 12.g5 Nh5 13.Bxg7 Nxg7 14.h4 Qe7 15.f4 f5
16.exf5 Nxf5 17.Re1 c6 18.Bc4 d5 19.Nxd5 cxd5 20.Rxe6 dxc4 21.Rxe7 Nxe7 22.Qe2 Nf5
23.h5 b5 24.hxg6 hxg6 25.Qe5  1-0

[Event "ch-IND National Teams"]
[Site "Gurgaon IND"]
[Date "2010.02.26"]
[Round "8"]
[White "Joshi,GB"]
[Black "Narayanan,K"]
[Result "1-0"]
[WhiteElo "2272"]
[BlackElo "2220"]

1.e4 d6 2.d4 Nf6 3.Nc3 c6 4.Nf3 Bg4 5.Be2 Nbd7 6.O-O e5 7.Re1 Be7 8.a4 a5
9.h3 Bh5 10.Nh4 Bg6 11.Nxg6 hxg6 12.Bc4 Qc7 13.Be3 Rh4 14.Bb3 Kf8 15.f3 Kg8
16.Qd2 Nh7 17.Rad1 g5 18.Bf2 Rh6 19.Ne2 g6 20.c3 Kg7 21.Nc1 Nhf8 22.Nd3 c5
23.Bd5 c4 24.Nc1 Nb6 25.Qc2 Nfd7 26.Ne2 Rhh8 27.Ng3 Rab8 28.Nf1 Nxd5 29.exd5 f6
30.dxe5 dxe5 31.d6 Bxd6 32.Qd2 Nc5 33.Qxd6 Qxd6 34.Rxd6 Nd3 35.Rd7+ Kh6 36.Re2 b5
37.Ne3 f5 38.axb5 Rhc8 39.b6 a4 40.b7 Rc6 41.Nxc4 Nf4 42.Rxe5 Rxc4 43.Ree7  1-0

[Event "XIII Open"]
[Site "Malaga ESP"]
[Date "2010.02.26"]
[Round "8"]
[White "Molina Mataran,M"]
[Black "Perera Borrego,M"]
[Result "0-1"]
[WhiteElo "1962"]
[BlackElo "2065"]

1.e4 d6 2.d4 Nf6 3.Nc3 e5 4.dxe5 dxe5 5.Qxd8+ Kxd8 6.Bg5 Be7 7.O-O-O+ Nbd7
8.Nf3 Ng4 9.Rd2 f6 10.Bh4 c6 11.h3 Nh6 12.Bc4 Kc7 13.a3 Re8 14.g4 b5 15.Bb3 Nc5
16.Ba2 a5 17.b4 axb4 18.axb4 Nxe4 19.Nxe4 Rxa2 20.Kb1 Ra3 21.c3 Be6 22.Ne1 Bd5
23.f3 Bxe4+ 24.fxe4 Rxc3 25.Nc2 Nf7 26.Rhd1 Rd8 27.Kb2 Rxh3 28.Bf2 Rxd2 29.Rxd2 Nd6
30.Rd1 Nxe4 31.Bg1 Nc3 32.Rc1 Rg3 33.Bf2 Na4+ 34.Kb1 Rxg4 35.Ne3 Rxb4+ 36.Ka1 Bc5
37.Nc2 Rc4 38.Bxc5 Nxc5 39.Kb1 h5 40.Rg1 Rg4 41.Rc1 Nb3 42.Rd1 h4 43.Ne3 Rd4
44.Rg1 g5 45.Nf5 Rf4 46.Ne3 Nd2+ 47.Ka2 Ra4+ 48.Kb2 Nc4+  0-1

[Event "XIII Open"]
[Site "Malaga ESP"]
[Date "2010.02.26"]
[Round "8"]
[White "Ortiz Suarez,I"]
[Black "Cuenca Jimenez,J"]
[Result "1/2-1/2"]
[WhiteElo "2527"]
[BlackElo "2453"]

1.e4 d6 2.d4 Nf6 3.Nc3 e5 4.Nf3 Nbd7 5.Bc4 Be7 6.O-O O-O 7.Re1 c6 8.a4 b6
9.Ba2 a6 10.Nh4 exd4 11.Qxd4 Nc5 12.Nf3 Be6 13.h3 Bxa2 14.Rxa2 Re8 15.Bd2 Bf8
16.b4 Ne6 17.Qc4 d5 18.exd5 cxd5 19.Qb3 Rc8 20.Ne2 Ne4 21.c3 a5 22.Rd1 axb4
23.cxb4 Nxd2 24.Raxd2 Qe7 25.b5 Nc5 26.Qxd5 Ne4 27.Ra2 Rcd8 28.Qb3 Nc5 29.Qb1 Nxa4
30.Nfd4 Nc5 31.Ne6 Rxd1+ 32.Qxd1 Qxe6 33.Rd2 Qc4 34.Nd4 g6 35.Re2 Rxe2 36.Qxe2 Qxe2
37.Nxe2 Ne4 38.Nf4 Nc3  1/2-1/2

[Event "XIII Open"]
[Site "Malaga ESP"]
[Date "2010.02.26"]
[Round "8"]
[White "Bellon Lopez,JuM"]
[Black "Camacho Collados,M"]
[Result "1/2-1/2"]
[WhiteElo "2440"]
[BlackElo "2284"]

1.d4 d6 2.e4 Nf6 3.Nc3 e5 4.Nge2 Be7 5.h3 O-O 6.g3 Nbd7 7.Bg2 Re8 8.O-O Bf8
9.Re1 c6 10.a4 b6 11.f4 Bb7 12.g4 exd4 13.Nxd4 g6 14.g5 Nh5 15.Bf3 Ng7 16.a5 a6
17.axb6 Qxb6 18.Be3 Qc7 19.Qd2 Rad8 20.Qf2 c5 21.Nb3 Nb6 22.Na5 Bc8 23.b4 Ne6
24.Nd5 Nxd5 25.exd5 Ng7 26.Nc6 Rd7 27.Bg4 Nf5 28.Bxf5 gxf5 29.bxc5 Bb7 30.cxd6 Qxd6
31.c4 Bxc6 32.Rxa6 Rc7 33.Bd2 Ra8 34.Rxc6 Rxc6 35.dxc6 Ra2 36.Re2 Ra1+ 37.Kh2 Qxc6
38.Be1 Qxc4 39.Qf3 Rc1 40.Bf2 Bd6 41.Bg3 Rc3 42.Qf2 Kg7 43.Rd2 Rd3 44.Rxd3 Qxd3
45.Qb2+ Kg8 46.h4 Qe3 47.Qf6 Qe2+ 48.Kh3 Qg4+ 49.Kh2 Qe2+ 50.Kh3 Qf1+  1/2-1/2

[Event "CMB Breizh Masters Women"]
[Site "Guingamp-Pabu FRA"]
[Date "2010.02.27"]
[Round "9"]
[White "Berthelot,Y"]
[Black "Esposito,Mar"]
[Result "1-0"]
[WhiteElo "2296"]
[BlackElo "2113"]

1.e4 d6 2.d4 Nf6 3.Nc3 e5 4.Nge2 Be7 5.g3 O-O 6.Bg2 c6 7.a4 b6 8.O-O Bb7
9.h3 h5 10.Be3 Nbd7 11.Qd2 a6 12.f4 b5 13.Rae1 Qc7 14.axb5 axb5 15.Bf3 Rfe8
16.g4 hxg4 17.hxg4 b4 18.Nd1 exd4 19.Bxd4 c5 20.Bxf6 Nxf6 21.Ng3 Bc8 22.Ne3 Ra2
23.g5 Nh7 24.g6 Nf6 25.gxf7+ Kxf7 26.e5 Rxb2 27.exf6 Bxf6 28.Nd5 Qd8 29.Bh5+ g6
30.Rxe8  1-0

[Event "XIII Open"]
[Site "Malaga ESP"]
[Date "2010.02.27"]
[Round "9"]
[White "Garcia Rodriguez,Vi"]
[Black "Karim,I"]
[Result "1/2-1/2"]
[WhiteElo "2137"]
[BlackElo "2386"]

1.e4 d6 2.d4 Nf6 3.Nc3 e5 4.Nf3 Nbd7 5.Bc4 Be7 6.O-O O-O 7.Re1 a6 8.a4 b6
9.Qd3 Bb7 10.Ba2 c6 11.Be3 b5 12.axb5 axb5 13.d5 b4 14.dxc6 Bxc6 15.Nd5 Nxd5
16.Bxd5 Bxd5 17.Qxd5 Nf6 18.Qxa8 Qxa8 19.Rxa8 Rxa8 20.Bg5 Rc8 21.Bxf6 Bxf6
22.Ra1 g6 23.Ne1 Bg5 24.Rd1 Rc6 25.Rd3 Bc1 26.b3 f5 27.exf5 gxf5 28.Kf1 Kf7
29.Ke2 e4 30.Rd4 Rb6 31.f3 Bb2 32.Rd5 Ke6 33.fxe4 fxe4 34.Rh5 Rc6 35.g3 Rc7
36.Rb5 d5 37.Kd1 Be5 38.Rxb4 Bc3 39.Rb6+ Ke5 40.Ng2 Ra7 41.Rb5 Ra1+ 42.Ke2 Rh1
43.Ne3 Rxh2+ 44.Kf1 Kd4 45.Nf5+ Ke5 46.Ne3 Kd4 47.Nf5+ Ke5 48.Ne3  1/2-1/2

[Event "XIII Open"]
[Site "Malaga ESP"]
[Date "2010.02.27"]
[Round "9"]
[White "Naranjo Moreno,A"]
[Black "Fernandez Garcia,JoseM"]
[Result "1/2-1/2"]
[WhiteElo "2290"]
[BlackElo "2225"]

1.e4 d6 2.d4 Nf6 3.Nc3 e5 4.Nf3 Nbd7 5.Bc4 Be7 6.O-O O-O 7.Re1 c6 8.a4 b6
9.Ba2 a6 10.Be3 Bb7 11.dxe5 dxe5 12.Nh4 g6 13.Bh6 Re8 14.Nf3 Ng4 15.Bd2 b5
16.h3 Ngf6 17.Bh6 Bf8 18.Ng5 Re7 19.Bxf8 Qxf8 20.Re3 h6 21.Nf3 b4 22.Ne2  1/2-1/2

[Event "XIII Open"]
[Site "Malaga ESP"]
[Date "2010.02.27"]
[Round "9"]
[White "Berbatov,K"]
[Black "Cuenca Jimenez,F"]
[Result "1-0"]
[WhiteElo "2455"]
[BlackElo "2205"]

1.e4 d6 2.d4 Nf6 3.Nc3 e5 4.Nf3 Nbd7 5.Bc4 Be7 6.O-O O-O 7.Re1 c6 8.a4 b6
9.b3 Bb7 10.d5 cxd5 11.Nxd5 Nxd5 12.Bxd5 Bxd5 13.Qxd5 Qc7 14.c4 Nc5 15.Rb1 Qb7
16.Qxb7 Nxb7 17.Be3 Rac8 18.Nd2 h6 19.g3 Nc5 20.Bxc5 dxc5 21.Nf1 f5 22.exf5 Rxf5
23.Ne3 Rh5 24.Rbd1 Rd8 25.Rxd8+ Bxd8 26.Rd1 Bg5 27.Ng4 e4 28.Rd7 Bc1 29.Rxa7 Rg5
30.Ne3 Bxe3 31.fxe3 Rg6 32.Ra6 Kf7 33.Kg2 h5 34.Kh3 Re6 35.Kh4 g6 36.a5 bxa5
37.Rxe6 Kxe6 38.Kg5 Kf7 39.Kf4 Kf6 40.Kxe4 Ke6 41.Kf4 Kf6 42.h4  1-0